La política de Aristóteles: introducción a su pensamiento político
Saved in:
| Hovedforfatter: | |
|---|---|
| Format: | Bog |
| Sprog: | spansk |
| Udgivet: |
Santiago, Chile
Universidad de Chile
2015
|
| Fag: | |
| Tags: |
Tilføj Tag
Ingen Tags, Vær først til at tagge denne postø!
|
MARC
| LEADER | 00000cam a2200000 a 4500 | ||
|---|---|---|---|
| 001 | UCD3236 | ||
| 003 | CL-VaPUC | ||
| 005 | 20240307112925.0 | ||
| 008 | 160603e20150000cl |||||||||||||||||spa|d | ||
| 999 | |c 364273 |d 364271 | ||
| 020 | |a 9789561909182 | ||
| 040 | |c Pontificia Universidad Católica de Valparaíso | ||
| 082 | 0 | 4 | |a 185 GAR 2015 |2 21 |
| 100 | |a García Cataldo, Héctor Eduardo |e autor |9 793427 | ||
| 245 | 1 | 3 | |a La política de Aristóteles: introducción a su pensamiento político |
| 260 | 0 | 3 | |a Santiago, Chile |b Universidad de Chile |c 2015 |
| 300 | |a 154 páginas | ||
| 583 | |a last modification |c 20160603 11:42:00 |k Rodrigo Vera | ||
| 650 | 7 | |a FILOSOFIA POLITICA |2 CL-VaPUC |9 586604 | |
| 650 | 0 | |a Filosofía antigua |9 255705 | |
| 650 | 0 | |a Filosofía griega |9 265579 | |
| 650 | 0 | |a Académicos |x Pontificia Universidad Católica de Valparaíso (PUCV) |9 255553 | |
| 942 | |c BK |2 ddc | ||
| 945 | |d 20160603 11:42:00 |a cmena | ||
| 952 | |0 0 |1 0 |2 ddc |3 erb |4 0 |6 185_000000000000000_GAR_2015 |7 0 |8 A |9 477259 |a BIBEDU |b BIBEDU |i 5289300 |o 185 GAR 2015 |p 5289300 |r 2019-11-24 |t 3 |w 2019-11-24 |y BK |z Catalogado en:20160603 |k FIL | ||
| 952 | |0 0 |1 0 |2 ddc |3 erb |4 0 |6 185_000000000000000_GAR_2015 |7 0 |8 A |9 477260 |a BIBEDU |b BIBEDU |i 5289297 |l 2 |o 185 GAR 2015 |p 5289297 |r 2022-10-26 |s 2022-10-20 |t 2 |w 2019-11-24 |y BK |z Catalogado en:20160603 |k FIL | ||
| 952 | |0 0 |1 0 |2 ddc |3 erb |4 0 |6 185_000000000000000_GAR_2015 |7 0 |8 A |9 477261 |a BIBEDU |b BIBEDU |i 5289289 |l 1 |o 185 GAR 2015 |p 5289289 |r 2025-03-12 |s 2025-03-05 |t 1 |w 2019-11-24 |y BK |z Catalogado en:20160603 |k FIL | ||